[Event "EWCCC Online Preliminary-D 2020"]
[Site "Online"]
[Date "2020.12.19"]
[Round "6.3"]
[White "Balajayeva, Khanim"]
[Black "Sarakauskiene, Zivile"]
[Result "1-0"]
[WhiteElo "2376"]
[BlackElo "2101"]
[Annotator "NA RC"]
[PlyCount "45"]
[EventDate "2020.12.19"]
[EventType "team-tourn"]
[EventCountry "NET"]
[SourceTitle "playchess.com"]
[Source "ChessBase"]
[SourceQuality "1"]
[TimeControl "900+5"]

1. e4 {[%emt 0:00:00]} c5 {[%emt 0:00:03]} 2. c3 {[%emt 0:00:04]} d5 {[%emt 0:00:03]} 3. exd5 {[%emt 0:00:02]} Qxd5 {[%emt 0:00:02]} 4. d4 {[%emt 0:00:03]} e6 {[%emt 0:00:17]} 5. Nf3 {[%emt 0:00:05]} Nf6 {[%emt 0:00:02]} 6. Be3 {[%emt 0:00:06]} Nbd7 {[%emt 0:00:26]} 7. c4 {[%emt 0:01:32]} Qc6 {[%emt 0:00:13]} 8. Nc3 {[%emt 0:00:03]} a6 {[%emt 0:00:26]} 9. d5 {[%emt 0:01:01]} exd5 {[%emt 0:00:05]} 10. cxd5 {[%emt 0:00:02]} Qc7 {[%emt 0:00:12]} 11. Bd3 {[%emt 0:00:30]} Nb6 {[%emt 0:00:52]} 12. O-O {[%emt 0:00:16]} Be7 {[%emt 0:01:41]} 13. Bg5 {[%emt 0:01:26]} O-O {[%emt 0:00:29]} 14. Bxf6 {[%emt 0:01:04]} Bxf6 {[%emt 0:00:02]} 15. d6 {[%emt 0:00:02]} Qd8 {[%emt 0:00:24]} 16. Ne4 {[%emt 0:00:33]} Bxb2 {[%emt 0:02:40]} 17. Rb1 {[%emt 0:00:17]} Bd4 {[%emt 0:00:01]} 18. Nxd4 {[%emt 0:00:48]} cxd4 {[%emt 0:00:03]} 19. Qh5 {[%emt 0:00:35]} f5 {[%emt 0:00:11]} 20. Rxb6 {[%emt 0:00:47]} Qxb6 {[%emt 0:01:44]} 21. Bc4+ {[%emt 0:00:15]} Kh8 {[%emt 0:00:03]} 22. Ng5 {[%emt 0:00:05]} h6 {[%emt 0:00:08]} 23. Qg6 {[%emt 0:00:04]} 1-0

[Event "EWCCC Online Preliminary-D 2020"]
[Site "Online"]
[Date "2020.12.19"]
[Round "6.3"]
[White "Ciuksyte, Dagne"]
[Black "Mammadova, Gulnar"]
[Result "0-1"]
[WhiteElo "2294"]
[BlackElo "2382"]
[Annotator "NA"]
[PlyCount "52"]
[EventDate "2020.12.19"]
[EventType "team-tourn"]
[EventCountry "NET"]
[SourceTitle "playchess.com"]
[Source "ChessBase"]
[SourceQuality "1"]
[TimeControl "900+5"]

1. e4 {[%emt 0:00:04]} e6 {[%emt 0:00:02]} 2. d4 {[%emt 0:00:04]} d5 {[%emt 0:00:02]} 3. Nd2 {[%emt 0:00:03]} a6 {[%emt 0:00:02]} 4. Ngf3 {[%emt 0:00:29]} c5 {[%emt 0:00:16]} 5. exd5 {[%emt 0:01:33]} exd5 {[%emt 0:00:03]} 6. dxc5 {[%emt 0:00:03]} Bxc5 {[%emt 0:00:02]} 7. Bd3 {[%emt 0:00:05]} Qe7+ {[%emt 0:00:26]} 8. Be2 {[%emt 0:00:11]} Nf6 {[%emt 0:00:30]} 9. O-O {[%emt 0:00:03]} O-O {[%emt 0:00:40]} 10. Nb3 {[%emt 0:00:08]} Bb6 {[%emt 0:00:16]} 11. Bg5 {[%emt 0:00:05]} Nc6 {[%emt 0:00:19]} 12. c3 {[%emt 0:00:26]} Re8 {[%emt 0:00:37]} 13. Bd3 {[%emt 0:04:24]} Bg4 {[%emt 0:00:32]} 14. Nbd2 {[%emt 0:01:35]} Ne5 {[%emt 0:01:55]} 15. Be2 {[%emt 0:00:42]} Ng6 {[%emt 0:00:05]} 16. Re1 {[%emt 0:00:30]} h6 {[%emt 0:00:54]} 17. Bxf6 {[%emt 0:01:40]} Qxf6 {[%emt 0:00:08]} 18. h3 {[%emt 0:00:16]} Bd7 {[%emt 0:00:44]} 19. Qb3 {[%emt 0:00:24]} Nf4 {[%emt 0:00:28]} 20. Bf1 {[%emt 0:00:03]} Qg6 {[%emt 0:00:35]} 21. Ne5 {[%emt 0:02:03]} Rxe5 {[%emt 0:00:49]} 22. Rxe5 {[%emt 0:00:04]} Nxh3+ {[%emt 0:00:03]} 23. Kh2 {[%emt 0:00:03]} Nxf2 {[%emt 0:00:34]} 24. Nf3 {[%emt 0:00:29]} Ng4+ {[%emt 0:00:08]} 25. Kh1 {[%emt 0:00:04]} Nxe5 {[%emt 0:00:02]} 26. Nxe5 {[%emt 0:00:02]} Qh5# {[%emt 0:00:03]} 0-1

[Event "EWCCC Online Preliminary-D 2020"]
[Site "Online"]
[Date "2020.12.19"]
[Round "6.3"]
[White "Fink-Nunn, Petra"]
[Black "Mamedjarova, Turkan"]
[Result "0-1"]
[WhiteElo "1966"]
[BlackElo "2309"]
[Annotator "TA"]
[PlyCount "42"]
[EventDate "2020.12.19"]
[EventType "team-tourn"]
[EventCountry "NET"]
[SourceTitle "playchess.com"]
[Source "ChessBase"]
[SourceQuality "1"]

{[%evp 9,42,-42,-37,-102,-72,-135,-16,-36,-29,-24,-29,-47,-27,-23,0,-17,10,16,111,108,97,36,43,-73,-63,-218,-162,-356,-87,-1148,-1147,-1130,-1126,-29996,-29997]} 1. e4 e5 2. f4 exf4 3. Bc4 g5 4. Nf3 Bg7 5. d4 d6 6. g3 {[#] C38: King's Gambit Accepted: 3 Nf3 g5 4 Bc4 Bg7.} ({White should play} 6. Nc3 $15) 6... Nc6 $146 ({Predecessor:} 6... g4 7. Nh4 f3 8. Nc3 h5 9. Be3 c6 10. O-O Nd7 11. Qd3 Ne7 12. Bg5 Nf8 13. Nxf3 gxf3 14. Bxf7+ Kxf7 15. Qxf3+ Kg6 16. Qf7+ Kxg5 17. Qxg7+ Neg6 18. h4+ Kg4 19. Kg2 {1-0 (19) Livaic,L (2507)-Ciorgovean,I (2338) chess.com INT 2020}) 7. gxf4 (7. Nc3 $142) 7... Bg4 (7... g4 $1 $17 {[%cal Rg4f3]} 8. Ng5 h6 9. Nxf7 {[%mdl 64] Double Attack} (9. Bxf7+ Kf8 $17) 9... Qh4+ 10. Kd2 Nf6) 8. c3 {The position is equal.} Qe7 9. O-O O-O-O 10. Qe1 gxf4 11. Bxf4 Nf6 12. Nbd2 Rhg8 13. Kh1 Nh5 (13... h6 $11) 14. Bg5 $16 Bf6 15. Bxf6 (15. Qh4 $1 $16 {[%cal Rh4g4]} Bxf3+ 16. Nxf3) 15... Nxf6 $14 16. e5 (16. Nh4 $14 {stays ahead.}) 16... dxe5 $17 {Strongly threatening ...e4.} 17. Nxe5 $2 (17. Qh4 $1 $15) 17... Nxe5 18. dxe5 $2 {[#]} (18. Qxe5 Qxe5 19. dxe5) 18... Nh5 $2 (18... Bh3 $1 $19 {[%cal Rh3g2] has better winning chances. ( -> ...Bg2+)} 19. Rf2 (19. Rxf6 $2 Bg2+ 20. Kg1 Rxd2 $19) 19... Ng4) 19. Rxf7 $2 {[%mdl 8192] [#]} (19. Nf3 $17) 19... Rxd2 $1 $19 {[%mdl 512]} 20. Qxd2 {[#]} Qxf7 $3 {[%mdl 512]} 21. Be6+ (21. Bxf7 Bf3+) 21... Bxe6 {Weighted Error Value: White=0.99/Black=0.43} 0-1

[Event "EWCCC Online Preliminary-D 2020"]
[Site "Online"]
[Date "2020.12.19"]
[Round "6.4"]
[White "Matnadze, Ana"]
[Black "Unuk, Laura"]
[Result "1-0"]
[WhiteElo "2421"]
[BlackElo "2346"]
[Annotator "TA"]
[PlyCount "133"]
[EventDate "2020.12.19"]
[EventType "team-tourn"]
[EventCountry "NET"]
[SourceTitle "playchess.com"]
[Source "ChessBase"]
[SourceQuality "1"]

{[%evp 12,133,2,-31,50,50,82,76,99,87,98,95,109,70,97,84,72,70,71,80,74,64,83,60,72,56,63,68,176,161,219,127,124,114,110,111,188,134,133,141,123,95,132,100,131,105,162,154,179,177,180,181,175,172,345,195,195,116,111,113,137,116,129,109,131,93,116,100,114,83,119,96,116,0,123,0,124,104,104,104,102,96,123,0,0,0,106,69,72,72,72,58,170,178,170,155,312,277,349,339,344,331,654,685,632,474,838,561,687,662,2052,2235,29990,6399,29991,1432,660,0,29991,29992,29997,29998,29998,29999]} 1. d4 Nf6 2. Nf3 d5 3. g3 c6 4. Bg2 Bf5 5. O-O Nbd7 6. c4 e6 7. Nc3 Ne4 {D11: Slav Defence: 3 Nf3 sidelines and 3...Nf6 4 e3 Bg4.} (7... dxc4 $15 8. Nh4 Bg4) 8. Qb3 {[#]} Qc8 $146 ({Predecessor:} 8... Qb6 9. c5 Qxb3 10. axb3 a6 11. b4 Rc8 12. Nh4 Nxc3 13. bxc3 Bg6 14. Nxg6 hxg6 15. e4 dxe4 16. Bxe4 {½-½ (41) Rossi,A-Jensen,L (2032) Budapest 2011}) 9. Nh4 {[%cal Rc4d5]} dxc4 {White is better.} 10. Qxc4 Nd6 11. Qb3 Be7 12. Bf4 Bg4 13. Rac1 (13. h3 {feels hotter.} Bh5 14. g4 g5 15. Be5 Rg8 16. Nf3) 13... g5 14. Bxd6 Bxd6 15. Nf3 h6 16. e4 Qb8 17. a4 O-O 18. a5 c5 19. d5 e5 (19... Re8 $14) 20. Nd2 b6 (20... Nf6 $142 21. Nb5 Be7) 21. a6 (21. f3 $18 Bh5 22. Bh3) 21... Nf6 $16 22. Nc4 Ne8 23. Nb5 f6 (23... Be7 $16 {keeps fighting.}) 24. Rfe1 (24. Bf3 $18 Bd7 25. Bh5 Bxb5 26. Qxb5) 24... Bc8 25. Ra1 (25. Ncxd6 $6 Nxd6 26. Bf1 Bd7 $14) 25... Bd7 26. Rec1 Kg7 27. Ne3 Be7 28. Rd1 {And now d6! would win.} Bd6 (28... Nd6 $16 29. Nxd6 Bxd6) 29. Bf3 $18 Kg6 30. Bg4 Bxg4 31. Nxg4 h5 32. Ne3 Ng7 $2 (32... Qd8 {was called for.} 33. Nf5 Qd7) 33. Ra4 (33. Nc4 $142) 33... Qd8 34. Qc4 ({White should play} 34. h4 $18) 34... Qd7 $16 35. Qe2 Rac8 36. b3 Rcd8 37. Rf1 Bb8 38. Nc3 Bd6 39. Qb5 Qh3 40. Re1 Rh8 41. Qf1 Qd7 42. Qb5 Qh3 $1 43. Qf1 Qd7 $1 44. h3 Bb8 45. Kh2 Bd6 46. Qb5 Qe7 47. Qc6 Rc8 $1 {[%cal Rc8c6]} 48. Qb5 Rcd8 $1 49. Nf5 Nxf5 50. exf5+ Kf7 51. h4 Rhg8 {Black is on the road to losing.} (51... g4 $14) 52. Qe2 $36 {[%mdl 2048] White is really pushing.} g4 53. f3 $1 Qd7 $2 (53... gxf3 $16 {was worth a try.} 54. Qxf3 Rh8) 54. fxg4 hxg4 55. Rf1 ({Less strong is} 55. Rxg4 Qxf5 56. Rxg8 Rxg8 $16) 55... e4 56. Rxe4 Be5 $2 (56... Rh8 57. Rxg4 (57. Qxg4 Rdg8 $17) 57... Be5) 57. Rxe5 fxe5 58. f6 Rde8 (58... Rh8 $142 59. Qxe5 Rde8) 59. Qe4 {Threatening mate with Qh7+.} Rg6 60. Nd1 Qd6 {[#]} 61. Ne3 $1 {[%cal Re3c4]} ({Weaker is} 61. h5 Rh6 $16) 61... Rxf6 62. Qh7+ Kf8 63. Qh8+ (63. Nf5 $142 Rd8 64. Qg7+ Ke8 65. Nxd6+ Rdxd6 66. Rxf6 Rxf6 67. Qxf6 b5 {[#]} 68. Qg7 $1 {[%mdl 576] Double Attack} c4 69. d6 Kd8 70. Qe7+ Kc8 71. Qe8#) 63... Kf7 64. Qh7+ (64. Qh5+ $18 Ke7 65. Qg5) 64... Kf8 {White should prevent ...Rxf1.} 65. Nf5 {[%csl Gf5][%cal Rh7g7] White mates.} Re7 66. Qh8+ Kf7 67. Nxd6+ {Accuracy: White = 71%, Black = 55%.} 1-0

[Event "EWCCC Online Preliminary-D 2020"]
[Site "Online"]
[Date "2020.12.19"]
[Round "6.4"]
[White "Heinemann, Josefine"]
[Black "Velikic, Adela"]
[Result "0-1"]
[WhiteElo "2302"]
[BlackElo "2278"]
[Annotator "TA"]
[PlyCount "92"]
[EventDate "2020.12.19"]
[EventType "team-tourn"]
[EventCountry "NET"]
[SourceTitle "playchess.com"]
[Source "ChessBase"]
[SourceQuality "1"]

{[%evp 9,92,11,27,20,29,25,35,33,90,59,106,100,84,46,47,8,27,-27,-14,-30,0,-27,-6,-33,-35,-64,-61,-75,-62,-76,-68,-57,-62,-103,-104,-114,-108,-125,-124,-89,-34,-38,-32,-525,-530,-648,-641,-2039,-2083,-1845,-1759,-1169,-698,-1571,-954,-960,-956,-957,-956,-956,-942,-894,-875,-1036,-677,-671,-667,-664,-633,-818,-818,-833,-743,-752,-711,-743,-730,-723,-689,-790,-756,-2211,-2115,-1329,-1292]} 1. e4 e6 2. d4 d5 3. Nd2 Be7 4. e5 c5 5. c3 Nc6 6. Bd3 {C03: French Tarrasch: Unusual Black 3rd moves.} Nh6 7. Ndf3 Nf5 {[%cal Rc5d4]} 8. Ne2 {White is slightly better.} Qb6 (8... b6 $14) 9. O-O {[#]} Nh4 $146 ({Predecessor:} 9... c4 10. Bc2 h5 11. b3 Na5 12. Bg5 Bd7 13. Re1 Rc8 14. Bxf5 exf5 15. Bxe7 Kxe7 {1-0 (44) Agopov,M (2437)-Karttunen,M (2445) Kalajoki 2015}) 10. Nxh4 Bxh4 11. g3 Be7 {[%cal Rc5d4]} 12. Kg2 Bd7 {[%cal Rc5d4]} 13. Bb1 ({White should try} 13. dxc5 Bxc5 14. b4) 13... cxd4 $11 14. cxd4 Rc8 15. f4 g6 16. a3 Na5 17. b4 Nc4 18. Rf3 h5 19. Bd3 O-O 20. h3 Kg7 21. g4 hxg4 22. hxg4 {And now f5 would win.} Rh8 23. f5 exf5 24. gxf5 Bxf5 ({Black should play} 24... gxf5 $17 25. Rg3+ Kf8) 25. Bxf5 $15 gxf5 26. Nf4 $2 {[%mdl 8192] [#] This move loses the game for White.} (26. Rg3+ $15 Kf8 27. Qd3) 26... Rcg8 $1 $19 {Black is clearly winning.} ({Weaker is} 26... Qh6 27. Rg3+ Kf8 {[#]} 28. Ng6+ $1 {[%mdl 512]} Qxg6 29. Rxg6 $14) 27. e6 fxe6 {Strongly threatening ...Kf8+.} 28. Qe2 Kf7+ 29. Rg3 Rxg3+ 30. Kxg3 Bg5 31. Nh3 Bf6 32. Bg5 Qxd4 {( -> ...Qc3+)} 33. Rd1 Qc3+ 34. Rd3 Qe5+ 35. Qxe5 Nxe5 36. Rc3 Nc4 37. Bxf6 Kxf6 {[%mdl 4096] Endgame KRN-KRN} 38. Nf4 Rg8+ 39. Kf3 Rg4 40. Nh5+ Ke5 41. Rc1 Kd6 42. Rd1 Rh4 43. Nf4 Nxa3 44. Ra1 Nb5 {Hoping for ...Nd4+.} 45. Re1 Nd4+ 46. Kg3 Rg4+ {Weighted Error Value: White=0.84/Black=0.36} 0-1

[Event "EWCCC Online Preliminary-D 2020"]
[Site "Online"]
[Date "2020.12.19"]
[Round "6.4"]
[White "Sandu, Mihaela"]
[Black "Hrescak, Ivana"]
[Result "1/2-1/2"]
[WhiteElo "2268"]
[BlackElo "2212"]
[Annotator "TA"]
[PlyCount "106"]
[EventDate "2020.12.19"]
[EventType "team-tourn"]
[EventCountry "NET"]
[SourceTitle "playchess.com"]
[Source "ChessBase"]
[SourceQuality "1"]

{[%evp 25,106,19,17,0,58,56,56,13,14,18,25,22,53,57,68,57,47,70,63,42,39,0,0,0,31,8,10,-20,49,-31,0,-284,-288,-349,-334,-402,-229,-160,-30,-42,-37,-64,-51,-137,-131,-585,-589,-589,-585,-540,-410,-390,-191,-354,-189,-195,-189,-190,0,0,0,-167,-164,-182,-181,-158,-160,-167,-160,-160,0,-196,814,-256,-160,-157,-157,-150,0,-142,0,-128,0]} 1. e4 c5 2. Nf3 d6 3. d4 cxd4 4. Nxd4 Nf6 5. Nc3 a6 6. Be2 e5 7. Nb3 Be6 8. O-O Be7 9. Be3 O-O 10. Qd2 Nbd7 11. a4 Rc8 12. a5 Qc7 {12...Re8 might become the main line.} 13. Rfd1 Rfe8 14. f3 {[#] B92: Sicilian Najdorf: 6 Be2.} Nc5 $146 (14... h6 $11) ({Predecessor:} 14... h6 15. Bf2 Nh5 16. g3 Nhf6 17. Rdc1 Qc6 18. Rd1 Nh7 19. h4 Ndf6 20. Rac1 Qd7 21. Nd5 Nxd5 22. exd5 {1-0 (85) So,W (2770)-Duda,J (2743) Chess.com INT 2020}) 15. Nxc5 $14 dxc5 16. Nd5 {White is slightly better.} Bxd5 17. exd5 Bd6 18. c4 e4 19. f4 $1 Rb8 20. Kh1 b6 21. axb6 Rxb6 22. Ra2 Reb8 23. g4 Qb7 {[%cal Rb6b2]} 24. g5 Nd7 {[%cal Rb6b2]} 25. Bg4 Nf8 26. Rb1 Rb3 (26... Ng6 $11) 27. Bf5 (27. Bd1 $14 Rb6 28. Bc2) 27... Rd3 28. Qf2 $2 {[%mdl 8192]} (28. Qc1 $1 $11) 28... Qb3 $1 $19 {[%csl LRa2,LRc4,LRe3]} 29. Rxa6 Rxe3 30. Rxd6 Qd3 (30... Rf3 $142 31. Qe2 (31. Qxc5 $2 Rxf4 32. Bxe4 Rxe4 $19) 31... Rxf4 32. Bxe4 Re8) 31. Qf1 Qxf1+ ({Black should play} 31... Re2 $17 32. Bh3 Qc2) 32. Rxf1 $15 Rxb2 {aiming for ...Ree2.} 33. Bg4 Rc3 $36 {[%mdl 2048] And now ...Rcc2 would win. Black is more active.} 34. Re1 (34. Kg1 $1 $15) 34... Rcc2 $1 $17 {[%cal Rc2h2]} 35. Bd1 $2 {[%mdl 8192]} (35. Bf5 $17 {is more resistant.}) 35... Rxh2+ $19 36. Kg1 Rhg2+ 37. Kh1 Rgf2 {Strongly threatening ...e3.} 38. Rd8 Rxf4 (38... Rh2+ $142 39. Kg1 Rhg2+ 40. Kh1 Rgd2) 39. d6 $2 (39. Re8) 39... Rd2 (39... g6 $142 {Hoping for ...Kg7.} 40. Re8 Rd2) 40. Ba4 g6 $1 41. Bc6 e3 $2 ({Black should try} 41... Rh4+ $19 42. Kg1 Rg4+ 43. Kf1 Rf4+ 44. Kg1 Kg7 45. Rxe4 Rxe4 46. Bxe4 Ne6 {[%mdl 64] Double Attack}) 42. Bd5 $11 Kg7 {...Rh4+ is the strong threat.} 43. Re8 $2 (43. d7 $1 $11 {and White stays safe.}) 43... Rh4+ $1 $19 44. Kg1 Rg4+ 45. Kh1 Rxg5 {Threatens to win with ...Rd4.} 46. R1xe3 Rd1+ 47. Kh2 {White wants to play Rxf8!} Rd2+ $2 (47... Rgxd5 $17 48. cxd5 Rxd5) 48. Kh3 $2 (48. Kh1 $1 $11 {and White is okay.}) 48... Rd1 $4 {[%mdl 8192] [#]} (48... Rdxd5 $19 49. cxd5 Rxd5) 49. R3e7 $4 {[%mdl 8192]} (49. Rxf8 $1 $18 {[%mdl 512]} Rh5+ (49... Kxf8 50. d7) 50. Kg3 Rg5+ 51. Kf3 Rf5+ 52. Ke2 Rdxd5 53. cxd5 Kxf8 54. d7 Rxd5 55. Re8+ Kg7 56. d8=Q Rxd8 57. Rxd8) 49... Rd3+ 50. Kh2 Rd2+ 51. Kh3 Rd3+ 52. Kh2 Rd2+ 53. Kh3 $1 Rd3+ {Quite a comeback for White.  Weighted Error Value: White=0.75/Black=0.50} ({Better is} 53... Rdxd5 $17 54. cxd5 Rxd5) 1/2-1/2

[Event "EWCCC Online Preliminary-D 2020"]
[Site "Online"]
[Date "2020.12.19"]
[Round "6.4"]
[White "Trippold, Denise"]
[Black "Maisuradze, Nino"]
[Result "0-1"]
[WhiteElo "2137"]
[BlackElo "2214"]
[Annotator "TA"]
[PlyCount "78"]
[EventDate "2020.12.19"]
[EventType "team-tourn"]
[EventCountry "NET"]
[SourceTitle "playchess.com"]
[Source "ChessBase"]
[SourceQuality "1"]

{[%evp 9,77,4,30,29,28,15,25,1,34,0,31,31,44,47,77,60,116,112,100,121,126,69,95,82,105,113,114,54,193,184,172,186,214,196,245,249,230,257,346,345,328,259,269,253,247,76,84,73,74,81,198,194,168,194,208,182,189,146,210,0,27,0,10,7,118,-29995,-29996,-29996,-29997,-29999]} 1. d4 d5 2. c4 e6 3. Nf3 Nf6 4. g3 Bb4+ 5. Bd2 Bd6 6. Bg2 {E01: Catalan: Early deviations.} c6 7. Nc3 Nbd7 8. O-O {White has an edge.} O-O 9. e4 dxe4 10. Ng5 e5 11. Ngxe4 {[#]} Bc7 $146 ({Predecessor:} 11... Nxe4 12. Nxe4 Be7 13. d5 f5 14. d6 fxe4 15. dxe7 Qxe7 16. Bxe4 Nf6 17. Bg2 Bf5 {½-½ (29) Tassone,R (1929)-Fritz,H (2130) GER email 2015}) 12. d5 Nxe4 (12... h6 $14) 13. Nxe4 $16 ({Don't do} 13. Bxe4 $6 f5 $14) 13... cxd5 14. cxd5 f5 15. Bg5 (15. Ng5 $1 $16 {[%cal Rg5e6]} Nc5 16. b4) 15... Qe8 $14 16. d6 Bb6 17. Nc3 Nf6 18. a4 {[%cal Ba2a4,Ba4a5][%mdl 32]} e4 (18... Be6 $1 $14) 19. a5 $36 {[%mdl 2048] Black is under strong pressure.} Bd8 20. f3 Bd7 {[#]} 21. fxe4 $1 fxe4 22. Bxf6 Bxf6 23. Nxe4 {aiming for a6.} Rb8 24. Nxf6+ Rxf6 25. Rxf6 gxf6 26. Bd5+ Kh8 27. Qf3 $2 (27. Qd4 $18 {[%cal Rd4f6] is more deadly.} Qe5 28. Qxe5 (28. Qxa7 Qxd6 29. Rd1 Bb5 $18) 28... fxe5 29. Re1) 27... Qe5 $16 28. Rf1 Kg7 29. Bxb7 Bh3 (29... Qd4+ $16 30. Kh1 Qxd6) 30. Rd1 $18 {Hoping for g4.} Qc5+ 31. Kh1 Bd7 {[#]} 32. a6 $1 Re8 33. Qd5 Qf2 (33... Qb6 $16 {keeps fighting.} 34. Qd2 Bg4) 34. Qf3 $2 (34. Qg2 $18 Re1+ 35. Rxe1 Qxe1+ 36. Qg1 Qxg1+ 37. Kxg1) 34... Qxb2 35. Rf1 Re2 36. Qh5 {And now Bd5 would win.} Qc2 (36... Re5 $11 {remains equal.} 37. Qh4 Ra5) 37. Qh4 $2 {[%mdl 8192]} (37. Bd5 $16 Be6 38. Bxe6 Qe4+ 39. Qf3 Qxe6 40. Qf5 (40. Qb7+ Kg6 $11) 40... Qxf5 41. Rxf5) 37... Bc6+ {Black mates.} 38. Bxc6 Qxc6+ {[%mdl 64] Double Attack} 39. Kg1 Qg2# {Weighted Error Value: White=0.38/Black=0.33} 0-1

[Event "EWCCC Online Preliminary-D 2020"]
[Site "Online"]
[Date "2020.12.19"]
[Round "7.1"]
[White "Ciuksyte, Dagne"]
[Black "Matnadze, Ana"]
[Result "0-1"]
[WhiteElo "2294"]
[BlackElo "2421"]
[Annotator "TA"]
[PlyCount "46"]
[EventDate "2020.12.19"]
[EventType "team-tourn"]
[EventCountry "NET"]
[SourceTitle "playchess.com"]
[Source "ChessBase"]
[SourceQuality "1"]

{[%evp 12,46,16,8,4,-3,5,-10,0,10,2,-48,-52,-122,-23,-139,-106,-137,-143,-141,-125,-162,-120,-130,-77,-75,-66,-253,-144,-200,0,0,105,98,150,-1305,-1289]} 1. e4 c6 2. d4 d5 3. Nd2 dxe4 4. Nxe4 Nf6 5. Nxf6+ exf6 6. Bc4 Bd6 7. Ne2 O-O {B15: Caro-Kann: 3 Nc3: 3...g6 and 3...dxe4 4 Nxe4 Nf6 5 Nxf6+ exf6.} 8. Be3 Qc7 9. Qd2 b5 {The position is equal.} 10. Bd3 Nd7 {[%cal Bb8d7,Bd7b6,Bb6c4][%mdl 32]} 11. O-O-O Nb6 {[#]} 12. Nf4 $146 (12. Kb1 $15) ({Predecessor:} 12. Bf4 Be6 13. Kb1 Nd5 14. Bxd6 Qxd6 15. Ng3 Nb4 16. a3 Nxd3 17. Qxd3 Qd5 18. b3 {1-0 (55) Vallejo Diaz,J (2365)-Dmitrenko,V (2456) chess.com INT 2020}) 12... a5 (12... Nc4 $17 13. Bxc4 bxc4) 13. h4 (13. d5 $11 {keeps the balance.}) 13... a4 14. h5 Nc4 15. Bxc4 bxc4 16. g3 Rb8 17. a3 Rd8 (17... Bg4 $142 18. Qc3 Bxd1 19. Rxd1 h6 20. Qxc4 Qa5) 18. Qc3 $17 Bg4 19. Rd2 $2 ({White should try} 19. Qxc4 $15 Bxd1 20. Rxd1) 19... Qb7 (19... Rb5 $19 {Threatens to win with ...Rdb8.} 20. Qxc4 Bxa3 $1 {[%mdl 512]} 21. bxa3 Rdb8) 20. h6 (20. Rh4 $17 Bf3 21. Ne2) 20... g6 $2 ({Black should play} 20... Bf3 $19 21. Re1 Qb5 22. hxg7 Re8) 21. d5 $1 $11 Be5 (21... Re8 $11 22. Bd4 {[#]} (22. Qxf6 $2 Be5 $19) 22... Re5 $1 {[%mdl 512]} 23. Qxc4 cxd5 24. Qxa4 Re4) 22. Bd4 $16 Re8 (22... cxd5 $142 23. Re1 (23. Bxe5 $2 d4 $19 {[%mdl 64] Discovered Attack}) 23... Bxf4 24. gxf4 Re8) 23. d6 $2 (23. Bxe5 $16 Rxe5 24. d6) 23... c5 $1 {[%mdl 64] Discovered Attack.  Weighted Error Value: White=0.86/Black=0.52} 0-1

[Event "EWCCC Online Preliminary-D 2020"]
[Site "Online"]
[Date "2020.12.19"]
[Round "7.1"]
[White "Velikic, Adela"]
[Black "Sarakauskiene, Zivile"]
[Result "1-0"]
[WhiteElo "2278"]
[BlackElo "2101"]
[Annotator "RC"]
[PlyCount "75"]
[EventDate "2020.12.19"]
[EventType "team-tourn"]
[EventCountry "NET"]
[SourceTitle "playchess.com"]
[Source "ChessBase"]
[SourceQuality "1"]
[TimeControl "900+5"]

1. d4 {[%emt 0:00:00]} Nf6 {[%emt 0:00:03]} 2. c4 {[%emt 0:00:03]} e6 {[%emt 0:00:02]} 3. Nc3 {[%emt 0:00:08]} Bb4 {[%emt 0:00:04]} 4. g3 {[%emt 0:00:04]} O-O {[%emt 0:00:04]} 5. Bg2 {[%emt 0:00:08]} d5 {[%emt 0:00:23]} 6. Nf3 {[%emt 0:00:11]} dxc4 {[%emt 0:00:23]} 7. O-O {[%emt 0:00:24]} c5 {[%emt 0:02:06]} 8. dxc5 {[%emt 0:02:21]} Bxc5 {[%emt 0:01:49]} 9. Qa4 {[%emt 0:01:33]} Bd7 {[%emt 0:00:57]} 10. Qxc4 {[%emt 0:00:14]} Qc8 {[%emt 0:01:35]} 11. Ne5 {[%emt 0:00:54]} Na6 {[%emt 0:01:11]} 12. Ne4 {[%emt 0:02:01]} Nxe4 {[%emt 0:01:05]} 13. Qxe4 {[%emt 0:00:05]} Rb8 {[%emt 0:01:25]} 14. Nxd7 {[%emt 0:00:38]} Qxd7 {[%emt 0:00:05]} 15. Bf4 {[%emt 0:00:05]} Rbd8 {[%emt 0:00:42]} 16. Qxb7 {[%emt 0:01:06]} Qxb7 {[%emt 0:00:09]} 17. Bxb7 {[%emt 0:00:04]} Nb4 {[%emt 0:00:02]} 18. a3 {[%emt 0:00:31]} Nd5 {[%emt 0:00:02]} 19. Bxd5 {[%emt 0:00:39]} Rxd5 {[%emt 0:00:03]} 20. Rfd1 {[%emt 0:00:35]} Rfd8 {[%emt 0:00:07]} 21. Rxd5 {[%emt 0:00:06]} Rxd5 {[%emt 0:00:02]} 22. Rc1 {[%emt 0:00:10]} Bb6 {[%emt 0:01:46]} 23. Rc8+ {[%emt 0:00:26]} Rd8 {[%emt 0:00:03]} 24. Rxd8+ {[%emt 0:00:10]} Bxd8 {[%emt 0:00:02]} 25. e4 {[%emt 0:00:28]} g5 {[%emt 0:00:42]} 26. Be3 {[%emt 0:00:13]} a6 {[%emt 0:00:02]} 27. Kf1 {[%emt 0:00:11]} Kf8 {[%emt 0:00:04]} 28. Ke2 {[%emt 0:00:04]} Ke8 {[%emt 0:00:03]} 29. Kd3 {[%emt 0:00:04]} Kd7 {[%emt 0:00:02]} 30. Kc4 {[%emt 0:00:05]} Kc6 {[%emt 0:00:01]} 31. b4 {[%emt 0:00:06]} g4 {[%emt 0:00:41]} 32. a4 {[%emt 0:00:24]} e5 {[%emt 0:00:48]} 33. Bc5 {[%emt 0:00:16]} Bc7 {[%emt 0:00:32]} 34. b5+ {[%emt 0:00:11]} axb5+ {[%emt 0:00:01]} 35. axb5+ {[%emt 0:00:04]} Kd7 {[%emt 0:00:03]} 36. Kd5 {[%emt 0:00:06]} f6 {[%emt 0:00:08]} 37. Ba7 {[%emt 0:01:06]} Bd8 {[%emt 0:00:06]} 38. b6 {[%emt 0:00:50]} 1-0